[Event "Kadettlandskamp NOR-SWE A 2018"]
[Site "NTG, Bærum, Norway"]
[Date "2018.12.15"]
[Round "6.2"]
[White "Kaasen, Tor Fredrik"]
[Black "Törngren, Gustav"]
[Result "1-0"]
[WhiteTitle "IM"]
[WhiteFideId "1516647"]
[BlackFideId "1728970"]
[WhiteElo "2106"]
[BlackElo "1909"]

1. d4 {[%clk 00:15:17]} {[%emt 00:00:03]} Nf6 {[%clk 00:15:18]} {[%emt
00:00:02]} 2. c4 {[%clk 00:15:25]} {[%emt 00:00:02]} e6 {[%clk 00:15:24]}
{[%emt 00:00:03]} 3. Nf3 {[%clk 00:15:34]} {[%emt 00:00:02]} c5 {[%clk
00:15:32]} {[%emt 00:00:01]} 4. d5 {[%clk 00:15:42]} {[%emt 00:00:02]} b5
{[%clk 00:15:40]} {[%emt 00:00:02]} 5. Bg5 {[%clk 00:15:34]} {[%emt 00:00:18]}
exd5 {[%clk 00:15:44]} {[%emt 00:00:06]} 6. cxd5 {[%clk 00:15:43]} {[%emt
00:00:02]} h6 {[%clk 00:15:47]} {[%emt 00:00:07]} 7. Bh4 {[%clk 00:15:25]}
{[%emt 00:00:27]} d6 {[%clk 00:15:52]} {[%emt 00:00:06]} 8. e3 {[%clk
00:15:29]} {[%emt 00:00:06]} a6 {[%clk 00:15:52]} {[%emt 00:00:10]} 9. a4
{[%clk 00:15:35]} {[%emt 00:00:04]} g5 {[%clk 00:15:59]} {[%emt 00:00:02]} 10.
Bg3 {[%clk 00:15:35]} {[%emt 00:00:10]} Bg7 {[%clk 00:16:07]} {[%emt 00:00:02]}
11. axb5 {[%clk 00:15:08]} {[%emt 00:00:37]} O-O {[%clk 00:16:14]} {[%emt
00:00:03]} 12. Nc3 {[%clk 00:15:12]} {[%emt 00:00:07]} Bb7 {[%clk 00:15:49]}
{[%emt 00:00:34]} 13. Bc4 {[%clk 00:14:46]} {[%emt 00:00:36]} Nh5 {[%clk
00:15:14]} {[%emt 00:00:46]} 14. O-O {[%clk 00:13:57]} {[%emt 00:00:58]} Nxg3
{[%clk 00:15:21]} {[%emt 00:00:03]} 15. hxg3 {[%clk 00:13:54]} {[%emt
00:00:11]} axb5 {[%clk 00:14:55]} {[%emt 00:00:38]} 16. Rxa8 {[%clk 00:13:39]}
{[%emt 00:00:25]} Bxa8 {[%clk 00:15:01]} {[%emt 00:00:04]} 17. Bxb5 {[%clk
00:13:46]} {[%emt 00:00:04]} Qa5 {[%clk 00:14:25]} {[%emt 00:00:46]} 18. Qd3
{[%clk 00:13:05]} {[%emt 00:00:51]} Bb7 {[%clk 00:12:05]} {[%emt 00:02:30]} 19.
Nd2 {[%clk 00:12:59]} {[%emt 00:00:15]} Na6 {[%clk 00:12:01]} {[%emt 00:00:15]}
20. Nc4 {[%clk 00:12:37]} {[%emt 00:00:32]} Qc7 {[%clk 00:11:51]} {[%emt
00:00:20]} 21. Rd1 {[%clk 00:10:16]} {[%emt 00:02:32]} Nb4 {[%clk 00:11:56]}
{[%emt 00:00:05]} 22. Qd2 {[%clk 00:10:20]} {[%emt 00:00:06]} Rb8 {[%clk
00:10:56]} {[%emt 00:01:10]} 23. e4 {[%clk 00:08:59]} {[%emt 00:01:31]} Bc8
{[%clk 00:10:40]} {[%emt 00:00:26]} 24. e5 {[%clk 00:08:13]} {[%emt 00:00:57]}
dxe5 {[%clk 00:07:28]} {[%emt 00:03:22]} 25. d6 {[%clk 00:08:21]} {[%emt
00:00:02]} Qd8 {[%clk 00:07:36]} 26. d7 {[%clk 00:08:07]} {[%emt 00:00:25]} Bb7
{[%clk 00:07:40]} {[%emt 00:00:05]} 27. Qd6 {[%clk 00:08:10]} {[%emt 00:00:08]}
Ra8 {[%clk 00:06:17]} {[%emt 00:01:34]} 28. Qxc5 {[%clk 00:07:52]} {[%emt
00:00:28]} Na6 {[%clk 00:05:01]} {[%emt 00:01:26]} 29. Qb6 {[%clk 00:07:31]}
{[%emt 00:00:30]} Qxb6 {[%clk 00:04:51]} {[%emt 00:00:21]} 30. Nxb6 {[%clk
00:07:39]} {[%emt 00:00:02]} Rd8 {[%clk 00:04:51]} {[%emt 00:00:09]} 31. Bxa6
{[%clk 00:06:13]} {[%emt 00:01:36]} Bxa6 {[%clk 00:04:59]} {[%emt 00:00:02]} 32.
Ra1 {[%clk 00:06:22]} Bb7 {[%clk 00:04:13]} {[%emt 00:00:55]} 33. Ra7 {[%clk
00:06:25]} {[%emt 00:00:08]} Bc6 {[%clk 00:04:22]} {[%emt 00:00:01]} 34. Rc7
{[%clk 00:06:34]} Bxd7 {[%clk 00:04:27]} {[%emt 00:00:05]} 35. Rxd7 {[%clk
00:06:43]} {[%emt 00:00:02]} Rb8 {[%clk 00:04:30]} {[%emt 00:00:06]} 36. Ncd5
{[%clk 00:06:46]} {[%emt 00:00:07]} e4 {[%clk 00:04:34]} {[%emt 00:00:05]} 37.
b4 {[%clk 00:06:45]} {[%emt 00:00:11]} Bf8 {[%clk 00:04:27]} {[%emt 00:00:17]}
38. b5 {[%clk 00:05:53]} {[%emt 00:01:03]} Bc5 {[%clk 00:04:35]} {[%emt
00:00:02]} 39. Nc4 {[%clk 00:05:44]} {[%emt 00:00:18]} Rxb5 {[%clk 00:04:31]}
{[%emt 00:00:15]} 40. Nf6+ {[%clk 00:05:53]} {[%emt 00:00:01]} Kg7 {[%clk
00:04:33]} {[%emt 00:00:06]} 41. Nxe4 {[%clk 00:06:00]} {[%emt 00:00:03]} Rb4
{[%clk 00:03:28]} {[%emt 00:01:15]} 42. Ncd6 {[%clk 00:05:17]} {[%emt
00:00:53]} Bxd6 {[%clk 00:02:57]} {[%emt 00:00:41]} 43. Nxd6 {[%clk 00:05:25]}
{[%emt 00:00:01]} Rb1+ {[%clk 00:03:06]} 44. Kh2 {[%clk 00:05:35]} Kg6 {[%clk
00:02:58]} {[%emt 00:00:19]} 45. Nxf7 {[%clk 00:05:38]} {[%emt 00:00:07]} Rb2
{[%clk 00:02:56]} {[%emt 00:00:12]} 46. f3 {[%clk 00:05:42]} {[%emt 00:00:06]}
Re2 {[%clk 00:02:54]} {[%emt 00:00:11]} 47. Nh8+ {[%clk 00:05:41]} {[%emt
00:00:12]} Kf6 {[%clk 00:02:43]} {[%emt 00:00:21]} 48. Rf7+ {[%clk 00:05:48]}
{[%emt 00:00:03]} Ke6 {[%clk 00:02:51]} {[%emt 00:00:02]} 49. Rh7 {[%clk
00:05:57]} {[%emt 00:00:01]} Kf5 {[%clk 00:02:48]} {[%emt 00:00:13]} 50. g4+
{[%clk 00:05:54]} {[%emt 00:00:12]} Kf6 {[%clk 00:02:48]} {[%emt 00:00:10]} 51.
Rxh6+ {[%clk 00:06:01]} {[%emt 00:00:04]} Kg7 {[%clk 00:02:56]} {[%emt
00:00:01]} 52. Rh5 {[%clk 00:06:08]} {[%emt 00:00:03]} Re5 {[%clk 00:02:57]}
{[%emt 00:00:09]} 53. Kg3 {[%clk 00:06:15]} {[%emt 00:00:04]} Ra5 {[%clk
00:03:00]} {[%emt 00:00:06]} 54. Kh3 {[%clk 00:06:05]} {[%emt 00:00:21]} Rb5
{[%clk 00:02:50]} {[%emt 00:00:20]} 55. g3 {[%clk 00:06:01]} {[%emt 00:00:14]}
Ra5 {[%clk 00:02:18]} {[%emt 00:00:41]} 56. f4 {[%clk 00:06:07]} {[%emt
00:00:04]} Rb5 {[%clk 00:02:25]} {[%emt 00:00:02]} 57. f5 {[%clk 00:05:28]}
{[%emt 00:00:49]} Rb8 {[%clk 00:02:20]} {[%emt 00:00:15]} 58. Ng6 {[%clk
00:05:36]} {[%emt 00:00:02]} Kf6 {[%clk 00:02:29]} 59. Rh8 {[%clk 00:05:38]}
{[%emt 00:00:08]} Rb1 {[%clk 00:02:33]} {[%emt 00:00:08]} 60. Re8 {[%clk
00:05:42]} {[%emt 00:00:03]} Rb2 {[%clk 00:02:36]} {[%emt 00:00:10]} 61. Re6+
{[%clk 00:05:49]} {[%emt 00:00:02]} Kg7 {[%clk 00:02:39]} {[%emt 00:00:06]} 62.
Ne5 {[%clk 00:05:56]} {[%emt 00:00:03]} Kh7 {[%clk 00:02:30]} {[%emt 00:00:20]}
63. Re7+ {[%clk 00:05:58]} {[%emt 00:00:09]} Kh6 {[%clk 00:02:34]} {[%emt
00:00:06]} 64. Nf7+ {[%clk 00:06:00]} {[%emt 00:00:07]} Kg7 {[%clk 00:02:42]}
{[%emt 00:00:02]} 65. Nxg5+ {[%clk 00:06:09]} {[%emt 00:00:02]} Kf6 {[%clk
00:02:47]} {[%emt 00:00:04]} 66. Re6+ {[%clk 00:06:18]} {[%emt 00:00:02]} Kg7
{[%clk 00:02:51]} {[%emt 00:00:06]} 67. Nf3 {[%clk 00:06:12]} {[%emt 00:00:16]}
Rf2 {[%clk 00:02:57]} {[%emt 00:00:04]} 68. Nh4 {[%clk 00:06:15]} {[%emt
00:00:06]} Kf7 {[%clk 00:03:04]} {[%emt 00:00:04]} 69. Ng2 {[%clk 00:06:23]}
{[%emt 00:00:02]} Rf1 {[%clk 00:03:11]} {[%emt 00:00:03]} 70. Kh4 {[%clk
00:06:28]} {[%emt 00:00:05]} Rh1+ {[%clk 00:03:18]} {[%emt 00:00:04]} 71. Kg5
{[%clk 00:06:37]} {[%emt 00:00:01]} Rg1 {[%clk 00:03:26]} 72. Nf4 {[%clk
00:06:45]} {[%emt 00:00:02]} Rxg3 {[%clk 00:03:34]} {[%emt 00:00:02]} 73. Ra6
{[%clk 00:06:54]} {[%emt 00:00:01]} Rg1 {[%clk 00:03:34]} {[%emt 00:00:09]} 74.
Ra7+ {[%clk 00:07:03]} {[%emt 00:00:01]} Kf8 {[%clk 00:03:42]} {[%emt
00:00:03]} 75. Kf6 {[%clk 00:07:12]} Kg8 {[%clk 00:03:29]} {[%emt 00:00:24]} 76.
g5 {[%clk 00:07:20]} {[%emt 00:00:02]} Rb1 {[%clk 00:03:14]} {[%emt 00:00:24]}
77. Ra8+ {[%emt 00:00:02]} Kh7 78. g6+ {[%clk 00:07:38]} Kh6 {[%clk 00:03:33]}
79. Rh8 {[%clk 00:07:48]} 1-0

[Event "Kadettlandskamp NOR-SWE A 2018"]
[Site "NTG, Bærum, Norway"]
[Date "2018.12.15"]
[Round "6.3"]
[White "Söderström, Adrian"]
[Black "Nordquelle, Daniel"]
[Result "1/2-1/2"]
[BlackTitle "FM"]
[WhiteFideId "1745786"]
[BlackFideId "1519042"]
[WhiteElo "1949"]
[BlackElo "2020"]

1. d4 {[%clk 00:15:18]} {[%emt 00:00:02]} Nf6 {[%clk 00:15:19]} 2. c4 c5 3. d5
{[%clk 00:15:36]} e6 {[%clk 00:15:39]} 4. Nc3 {[%clk 00:15:45]} exd5 {[%clk
00:15:48]} 5. cxd5 {[%clk 00:15:54]} {[%emt 00:00:01]} d6 {[%clk 00:15:57]} 6.
Nf3 {[%clk 00:16:03]} {[%emt 00:00:01]} g6 {[%clk 00:16:02]} {[%emt 00:00:05]}
7. Bf4 {[%clk 00:16:08]} {[%emt 00:00:05]} a6 {[%clk 00:16:09]} {[%emt
00:00:03]} 8. a4 {[%clk 00:16:17]} {[%emt 00:00:01]} Qe7 {[%clk 00:15:56]}
{[%emt 00:00:22]} 9. e3 {[%clk 00:15:27]} {[%emt 00:01:00]} Bg7 {[%clk
00:15:58]} {[%emt 00:00:08]} 10. h3 {[%clk 00:15:16]} {[%emt 00:00:21]} O-O
{[%clk 00:16:01]} {[%emt 00:00:08]} 11. Nd2 {[%clk 00:15:11]} {[%emt 00:00:15]}
Nbd7 {[%clk 00:16:06]} {[%emt 00:00:05]} 12. Be2 {[%clk 00:14:51]} {[%emt
00:00:30]} Rb8 {[%clk 00:16:01]} {[%emt 00:00:16]} 13. a5 {[%clk 00:14:42]}
{[%emt 00:00:19]} Ne8 {[%clk 00:15:58]} {[%emt 00:00:13]} 14. O-O {[%clk
00:14:26]} {[%emt 00:00:25]} Ne5 {[%clk 00:16:04]} {[%emt 00:00:04]} 15. Re1
{[%clk 00:12:52]} {[%emt 00:01:44]} f5 {[%clk 00:15:25]} {[%emt 00:00:49]} 16.
Nc4 {[%clk 00:12:29]} {[%emt 00:00:34]} Nxc4 {[%clk 00:14:10]} {[%emt
00:01:25]} 17. Bxc4 {[%clk 00:12:37]} {[%emt 00:00:02]} Nf6 {[%clk 00:14:02]}
{[%emt 00:00:17]} 18. Qc2 {[%clk 00:11:44]} {[%emt 00:01:04]} Ne4 {[%clk
00:13:54]} {[%emt 00:00:17]} 19. Bd3 {[%clk 00:10:24]} {[%emt 00:01:30]} Re8
{[%clk 00:13:55]} {[%emt 00:00:09]} 20. Bxe4 {[%clk 00:09:25]} {[%emt
00:01:09]} fxe4 {[%clk 00:14:02]} {[%emt 00:00:04]} 21. Ra4 {[%clk 00:09:28]}
{[%emt 00:00:07]} Bf5 {[%clk 00:13:44]} {[%emt 00:00:28]} 22. g4 {[%clk
00:08:50]} {[%emt 00:00:49]} Bxc3 {[%clk 00:13:51]} {[%emt 00:00:03]} 23. Qxc3
{[%clk 00:08:51]} {[%emt 00:00:08]} Bd7 {[%clk 00:13:56]} {[%emt 00:00:05]} 24.
Raa1 {[%clk 00:08:44]} {[%emt 00:00:18]} g5 {[%clk 00:12:34]} {[%emt 00:01:32]}
25. Bg3 {[%clk 00:08:39]} {[%emt 00:00:15]} h5 {[%clk 00:12:36]} {[%emt
00:00:07]} 26. gxh5 {[%clk 00:08:38]} {[%emt 00:00:11]} Bxh3 {[%clk 00:12:37]}
{[%emt 00:00:09]} 27. h6 {[%clk 00:08:09]} {[%emt 00:00:40]} Rbd8 {[%clk
00:11:47]} {[%emt 00:01:00]} 28. Kh2 {[%clk 00:07:36]} {[%emt 00:00:43]} Bg4
{[%clk 00:10:48]} {[%emt 00:01:08]} 29. Rg1 {[%clk 00:06:48]} {[%emt 00:00:59]}
Kh7 {[%clk 00:06:56]} {[%emt 00:04:02]} 30. Bh4 {[%clk 00:04:39]} {[%emt
00:02:18]} gxh4 {[%clk 00:07:01]} {[%emt 00:00:06]} 31. Rxg4 {[%clk 00:04:47]}
{[%emt 00:00:02]} Rg8 {[%clk 00:07:10]} 32. Rag1 {[%clk 00:04:43]} {[%emt
00:00:15]} Rxg4 {[%clk 00:07:19]} {[%emt 00:00:01]} 33. Rxg4 {[%clk 00:04:51]}
{[%emt 00:00:02]} Rg8 {[%clk 00:07:29]} 34. Rxg8 {[%clk 00:03:47]} {[%emt
00:01:15]} Kxg8 {[%clk 00:07:37]} 35. Kh3 {[%clk 00:03:49]} {[%emt 00:00:09]}
Kh7 {[%clk 00:07:42]} {[%emt 00:00:05]} 36. b3 {[%clk 00:03:21]} {[%emt
00:00:38]} Qg5 {[%clk 00:05:45]} {[%emt 00:02:07]} 37. Qg7+ {[%clk 00:02:41]}
{[%emt 00:00:50]} Qxg7 {[%clk 00:05:53]} {[%emt 00:00:02]} 38. hxg7 {[%clk
00:02:50]} {[%emt 00:00:01]} Kxg7 {[%clk 00:06:02]} 39. Kxh4 {[%clk 00:02:59]}
Kf6 {[%clk 00:06:11]} {[%emt 00:00:01]} 40. Kg4 {[%clk 00:03:08]} Ke5 {[%clk
00:05:58]} {[%emt 00:00:22]} 41. Kg5 {[%clk 00:03:17]} Kxd5 {[%clk 00:06:05]}
{[%emt 00:00:04]} 42. Kf5 {[%clk 00:03:26]} {[%emt 00:00:01]} Kc6 {[%clk
00:04:34]} {[%emt 00:01:41]} 43. Kxe4 {[%clk 00:03:35]} {[%emt 00:00:02]} d5+
{[%clk 00:04:39]} {[%emt 00:00:03]} 44. Ke5 {[%clk 00:03:19]} {[%emt 00:00:26]}
c4 {[%clk 00:04:39]} {[%emt 00:00:10]} 45. bxc4 {[%clk 00:03:29]} {[%emt
00:00:02]} dxc4 {[%clk 00:04:46]} {[%emt 00:00:02]} 46. Kd4 {[%clk 00:03:35]}
{[%emt 00:00:03]} Kb5 {[%clk 00:04:36]} {[%emt 00:00:19]} 47. Kc3 {[%clk
00:03:24]} {[%emt 00:00:23]} Kxa5 {[%clk 00:04:37]} {[%emt 00:00:09]} 48. Kxc4
{[%clk 00:03:18]} {[%emt 00:00:16]} b5+ {[%clk 00:01:33]} {[%emt 00:03:13]} 49.
Kb3 {[%clk 00:03:18]} {[%emt 00:00:10]} Kb6 {[%clk 00:01:36]} {[%emt 00:00:08]}
50. f4 {[%clk 00:03:17]} {[%emt 00:00:10]} Kc5 {[%clk 00:01:33]} {[%emt
00:00:13]} 51. f5 {[%clk 00:03:17]} {[%emt 00:00:10]} Kd5 {[%clk 00:01:36]}
{[%emt 00:00:08]} 52. e4+ {[%clk 00:03:25]} {[%emt 00:00:01]} Ke5 {[%clk
00:01:45]} 53. Kb4 {[%clk 00:03:34]} {[%emt 00:00:03]} Kf6 {[%clk 00:01:53]} 54.
Ka5 {[%clk 00:03:40]} {[%emt 00:00:04]} Ke5 {[%clk 00:02:02]} {[%emt 00:00:01]}
55. Kb4 {[%clk 00:03:48]} {[%emt 00:00:03]} 1/2-1/2

[Event "Kadettlandskamp NOR-SWE A 2018"]
[Site "NTG, Bærum, Norway"]
[Date "2018.12.15"]
[Round "6.4"]
[White "Jönsson, Jacob"]
[Black "Tryggestad, Andreas"]
[Result "0-1"]
[BlackTitle "FM"]
[WhiteFideId "1726315"]
[BlackFideId "1513338"]
[WhiteElo "1724"]
[BlackElo "2189"]

1. d4 {[%clk 00:15:17]} {[%emt 00:00:01]} Nf6 {[%clk 00:15:20]} {[%emt
00:00:02]} 2. c4 {[%clk 00:15:26]} e6 {[%clk 00:15:28]} 3. Nf3 {[%clk
00:15:35]} {[%emt 00:00:01]} b6 {[%clk 00:15:36]} {[%emt 00:00:02]} 4. Bf4
{[%clk 00:15:43]} {[%emt 00:00:02]} Bb7 {[%clk 00:15:45]} {[%emt 00:00:02]} 5.
e3 {[%clk 00:15:52]} {[%emt 00:00:02]} Bb4+ {[%clk 00:15:50]} {[%emt 00:00:03]}
6. Nfd2 {[%clk 00:16:00]} {[%emt 00:00:02]} O-O {[%clk 00:15:57]} {[%emt
00:00:03]} 7. Be2 {[%clk 00:15:01]} {[%emt 00:01:11]} Bxg2 {[%clk 00:15:59]}
{[%emt 00:00:07]} 8. Rg1 {[%clk 00:15:09]} {[%emt 00:00:02]} Bb7 {[%clk
00:16:06]} {[%emt 00:00:02]} 9. Bh6 {[%clk 00:15:16]} {[%emt 00:00:04]} Ne8
{[%clk 00:16:14]} {[%emt 00:00:02]} 10. Bf3 {[%clk 00:14:44]} {[%emt 00:00:42]}
Bxf3 {[%clk 00:14:45]} {[%emt 00:01:39]} 11. Qxf3 {[%clk 00:14:52]} {[%emt
00:00:02]} Nc6 {[%clk 00:14:54]} 12. Qg4 {[%clk 00:12:52]} {[%emt 00:02:12]}
Qf6 {[%clk 00:14:09]} {[%emt 00:00:55]} 13. Bf4 {[%clk 00:12:13]} {[%emt
00:00:49]} Qg6 {[%clk 00:14:03]} {[%emt 00:00:15]} 14. Nc3 {[%clk 00:11:05]}
{[%emt 00:01:18]} Qxg4 {[%clk 00:14:07]} {[%emt 00:00:07]} 15. Rxg4 {[%clk
00:11:13]} {[%emt 00:00:02]} f5 {[%clk 00:13:13]} {[%emt 00:01:03]} 16. Rg2
{[%clk 00:10:42]} {[%emt 00:00:41]} Bd6 {[%clk 00:13:17]} {[%emt 00:00:06]} 17.
Bg5 {[%clk 00:10:12]} {[%emt 00:00:40]} Kf7 {[%clk 00:11:55]} {[%emt 00:01:31]}
18. Nb5 {[%clk 00:09:15]} {[%emt 00:01:08]} h6 {[%clk 00:11:46]} {[%emt
00:00:20]} 19. Nxd6+ {[%clk 00:09:22]} {[%emt 00:00:03]} cxd6 {[%clk 00:11:37]}
{[%emt 00:00:18]} 20. Bf4 {[%clk 00:09:27]} {[%emt 00:00:05]} g5 {[%clk
00:11:20]} {[%emt 00:00:27]} 21. Bg3 {[%clk 00:09:34]} {[%emt 00:00:03]} f4
{[%clk 00:11:18]} {[%emt 00:00:12]} 22. exf4 {[%clk 00:09:31]} {[%emt
00:00:14]} Nxd4 {[%clk 00:11:26]} {[%emt 00:00:02]} 23. Kf1 {[%clk 00:08:39]}
{[%emt 00:01:01]} g4 {[%clk 00:11:11]} {[%emt 00:00:25]} 24. Bh4 {[%clk
00:07:31]} {[%emt 00:01:19]} Nf5 {[%clk 00:11:10]} {[%emt 00:00:10]} 25. Bg3
{[%clk 00:07:07]} {[%emt 00:00:34]} h5 {[%clk 00:11:19]} {[%emt 00:00:02]} 26.
f3 {[%clk 00:07:12]} {[%emt 00:00:04]} Ne3+ {[%clk 00:11:27]} {[%emt 00:00:01]}
27. Kf2 {[%clk 00:07:12]} {[%emt 00:00:10]} Nxg2 28. Kxg2 {[%clk 00:07:21]} Nf6
{[%clk 00:11:43]} {[%emt 00:00:02]} 29. Rd1 {[%clk 00:07:07]} {[%emt 00:00:23]}
d5 {[%clk 00:11:47]} {[%emt 00:00:06]} 30. fxg4 {[%clk 00:07:01]} {[%emt
00:00:16]} Nxg4 {[%clk 00:11:52]} {[%emt 00:00:05]} 31. Nf1 {[%clk 00:07:01]}
{[%emt 00:00:09]} Nf6 {[%clk 00:11:57]} {[%emt 00:00:06]} 32. Ne3 {[%clk
00:07:04]} {[%emt 00:00:07]} dxc4 {[%clk 00:12:05]} {[%emt 00:00:02]} 33. Nxc4
{[%clk 00:07:10]} {[%emt 00:00:04]} Nd5 {[%clk 00:10:22]} {[%emt 00:01:52]} 34.
f5 {[%clk 00:07:02]} {[%emt 00:00:18]} Rg8 {[%clk 00:08:46]} {[%emt 00:01:46]}
35. Kf3 {[%clk 00:06:50]} {[%emt 00:00:22]} Raf8 {[%clk 00:08:25]} {[%emt
00:00:31]} 36. Bd6 {[%clk 00:06:43]} {[%emt 00:00:18]} Rd8 {[%clk 00:04:30]}
{[%emt 00:04:04]} 37. Be5 {[%clk 00:05:37]} {[%emt 00:01:16]} Ke7 {[%clk
00:03:42]} {[%emt 00:00:58]} 38. f6+ {[%clk 00:01:45]} {[%emt 00:04:03]} Nxf6
{[%clk 00:03:37]} {[%emt 00:00:15]} 39. Bd6+ {[%clk 00:01:52]} {[%emt
00:00:02]} Ke8 {[%clk 00:02:51]} {[%emt 00:00:51]} 40. Bc7 {[%clk 00:01:38]}
{[%emt 00:00:30]} d5 {[%clk 00:01:24]} {[%emt 00:01:37]} 41. Bxd8 {[%clk
00:01:36]} {[%emt 00:00:12]} Kxd8 {[%clk 00:01:31]} {[%emt 00:00:03]} 42. Ne5
{[%clk 00:01:42]} {[%emt 00:00:04]} Ng4 {[%clk 00:01:01]} {[%emt 00:00:39]} 43.
Nc6+ {[%clk 00:01:04]} {[%emt 00:00:49]} Kd7 {[%clk 00:01:10]} 44. Nxa7 {[%clk
00:01:13]} {[%emt 00:00:01]} Nxh2+ {[%clk 00:01:19]} {[%emt 00:00:02]} 45. Kf2
{[%clk 00:01:21]} {[%emt 00:00:01]} Ng4+ {[%clk 00:01:27]} {[%emt 00:00:01]} 46.
Kf3 {[%clk 00:01:29]} {[%emt 00:00:02]} Rf8+ {[%clk 00:01:27]} {[%emt
00:00:10]} 47. Kg3 {[%clk 00:01:32]} {[%emt 00:00:07]} Ne3 {[%clk 00:01:36]}
{[%emt 00:00:01]} 48. Rh1 {[%clk 00:01:20]} {[%emt 00:00:22]} h4+ {[%clk
00:01:39]} {[%emt 00:00:07]} 49. Kh3 {[%clk 00:01:13]} {[%emt 00:00:16]} Ra8
{[%clk 00:01:36]} {[%emt 00:00:14]} 50. Nb5 {[%clk 00:01:05]} {[%emt 00:00:18]}
Rxa2 {[%clk 00:01:44]} {[%emt 00:00:02]} 51. Rh2 {[%clk 00:00:15]} {[%emt
00:01:00]} Nc4 {[%clk 00:01:47]} {[%emt 00:00:06]} 52. Kxh4 {[%clk 00:00:21]}
{[%emt 00:00:05]} Rxb2 {[%clk 00:01:54]} {[%emt 00:00:02]} 53. Rxb2 {[%clk
00:00:30]} {[%emt 00:00:01]} Nxb2 {[%clk 00:02:03]} {[%emt 00:00:01]} 54. Kg5
{[%clk 00:00:39]} {[%emt 00:00:02]} Nd3 {[%clk 00:02:05]} {[%emt 00:00:07]} 55.
Kf6 {[%clk 00:00:45]} {[%emt 00:00:04]} Nc5 {[%clk 00:02:09]} {[%emt 00:00:06]}
56. Ke5 {[%clk 00:00:51]} {[%emt 00:00:04]} Ke7 {[%clk 00:02:17]} {[%emt
00:00:01]} 57. Nc7 {[%clk 00:00:55]} {[%emt 00:00:07]} Nd7+ {[%clk 00:02:25]}
{[%emt 00:00:01]} 58. Kd4 {[%clk 00:01:02]} {[%emt 00:00:03]} Kd6 {[%clk
00:02:33]} {[%emt 00:00:02]} 59. Nb5+ {[%clk 00:01:10]} {[%emt 00:00:03]} Kc6
{[%clk 00:02:41]} {[%emt 00:00:01]} 60. Na7+ {[%clk 00:01:18]} {[%emt
00:00:02]} Kd6 {[%clk 00:02:34]} {[%emt 00:00:16]} 61. Nb5+ {[%clk 00:01:25]}
{[%emt 00:00:05]} Ke7 {[%clk 00:02:43]} {[%emt 00:00:02]} 62. Nc7 {[%clk
00:01:27]} {[%emt 00:00:07]} Nb8 {[%clk 00:02:44]} {[%emt 00:00:07]} 63. Na8
{[%clk 00:01:18]} {[%emt 00:00:21]} Nc6+ {[%clk 00:02:51]} {[%emt 00:00:02]} 64.
Kc3 {[%clk 00:01:20]} {[%emt 00:00:09]} b5 {[%clk 00:02:59]} {[%emt 00:00:01]}
65. Nc7 {[%clk 00:01:23]} {[%emt 00:00:08]} b4+ {[%clk 00:03:07]} {[%emt
00:00:02]} 66. Kd3 {[%clk 00:01:22]} {[%emt 00:00:10]} Kd6 {[%clk 00:03:16]}
{[%emt 00:00:02]} 67. Na6 {[%clk 00:01:31]} {[%emt 00:00:01]} e5 {[%clk
00:03:23]} {[%emt 00:00:03]} 68. Ke3 {[%clk 00:01:28]} {[%emt 00:00:13]} e4
{[%clk 00:03:29]} {[%emt 00:00:04]} 69. Kd2 {[%clk 00:01:32]} {[%emt 00:00:06]}
d4 {[%clk 00:03:35]} {[%emt 00:00:04]} 70. Ke2 {[%clk 00:01:33]} {[%emt
00:00:09]} e3 {[%clk 00:03:42]} {[%emt 00:00:03]} 71. Kd1 {[%clk 00:01:35]}
{[%emt 00:00:09]} d3 {[%clk 00:03:50]} {[%emt 00:00:02]} 72. Ke1 {[%clk
00:01:43]} {[%emt 00:00:01]} b3 {[%clk 00:03:57]} {[%emt 00:00:03]} 73. Kd1
{[%clk 00:01:47]} {[%emt 00:00:07]} b2 {[%clk 00:04:05]} {[%emt 00:00:01]} 0-1